00622nam a2200181 i 450000100060000000300090000600500170001500700030003200800410003510000230007624500730009925000120017226000560018430000300024085200320027099900170030295201210031980441ES-MaACL20230906174221.0t|041028s1956 sp ||||1| spa d1 aHilders, O.96368510aGuía práctica del operador cinematográfico / cpor O. Hilders. a1ª ed. aBarcelona : bJuan Bruguer, c1956 (fImp. Moderna) a260 p. : bil. ; c22 cm. aES-MaACLjC-11317 bR.39326 c80441d80441 00104070aATENEOMbATENEOMcSPALd2008-01-17eSCl0oC-11317p1084103r2023-02-23 00:00:00w2023-02-23yMONOGRAFIA